00692nam a2200181Ia 4500008004100000020001800041041000800059082001700067100001500084245006800099260002000167300000800187365001600195700004800211906005600259999001900315952017600334230718s9999 xx 000 0 und d a9789351194095 aeng a005.265bKOT aKothari P. aAndroid Application DevelopmentbWith Kitkat Support Black Book c2014bDreamtech a560 cRs.b549.00 aKothari P. & Kogent Learning Solutions Inc. dO:0431511-Nov-2014B:IN 69024-Jul-2014cCOMPb686.25 c338743d338743 00104070aCCEPbCCEPd2014-11-11ePradeep Book DistributorsfCOMPg411.75iIN 690l0o005.265pCCEP-BK-49950r2023-07-18 00:00:00t686.25v549.00w2014-07-24yBKz049950